000 00453nam a2200169Ia 4500
008 180921t2016 xxu||||| |||| 00| 0 sin d
041 _asin
080 _a294.3
_bGNA
100 _aGnanananda Himi,Kiribathgoda
245 _aආයුවඩ්ඪන කුමාරයා
246 _aAruwaddana Kumaraya
260 _bMahamegha
_aPolgahawela
_c2016
300 _b09p, 28cm
942 _cBK
999 _c1897
_d1897
003 LK-CoDNM
040 _aLK-CoDNM
_dLK-CoDNM
_eLK-CoDNM